000 00470cam a22001577a 4500
008 180718b1994 xxu||||| |||| 00| 0 eng d
020 _a8173050503
082 _aBA1x54121 Sh23
100 _aSharma, A.K.
245 _aManipur: the glorious past
_cby A.K. Sharma
260 _aNew Delhi
_bAryan Books
_c1994
300 _a96p.
650 _aManipur (India) --Antiquities.
650 _aSekta (India) --Antiquities
650 _aExcavations (Archaeology) --India --Sekta
999 _c378308
_d378308